[Event "OLSW 1920 SC Caissa Schwarzenbach - Turm"]
[Site "?"]
[Date "2020.03.01"]
[Round "7.1"]
[White "Mayer, Frank"]
[Black "Frischmann, Rick"]
[Result "0-1"]
[WhiteElo "2289"]
[BlackElo "2335"]
[PlyCount "78"]
[EventDate "2020.??.??"]

1. c4 Nf6 2. Nc3 g6 3. e4 e5 4. g3 Bg7 5. Bg2 O-O 6. Nge2 d6 7. O-O Re8 8. d3
a6 9. f4 b5 10. h3 c6 11. Be3 exf4 12. gxf4 Nbd7 13. Qd2 Rb8 14. Ng3 Qa5 15. a3
bxc4 16. dxc4 Nh5 17. b4 Bxc3 18. Qxc3 Nxg3 19. Qe1 Qc7 20. Qxg3 c5 21. f5 Bb7
22. Qf4 Ne5 23. Qh6 f6 24. fxg6 Nxg6 25. Rxf6 Bxe4 26. Raf1 Bxg2 27. Kxg2 Re7
28. Bf4 Qb7+ 29. Rf3 Rg7 30. Kf2 Qe4 31. Bd2 Ne5 32. Bc3 Re8 33. Bxe5 Qc2+ 34.
Kf1 Qd1+ 35. Kf2 Qg1+ 36. Ke2 Rg2+ 37. Rf2 Rxe5+ 38. Kd3 Qd1+ 39. Kc3 Rg3+ 0-1

[Event "OLSW 1920 SC Caissa Schwarzenbach - Turm"]
[Site "?"]
[Date "2020.03.01"]
[Round "7.2"]
[White "Fries, Frederik"]
[Black "Klein, Joachim"]
[Result "1/2-1/2"]
[WhiteElo "2296"]
[BlackElo "2182"]
[PlyCount "129"]
[EventDate "2020.??.??"]

1. Nf3 d5 2. e3 Nf6 3. c4 e6 4. b3 c5 5. Bb2 Nc6 6. cxd5 exd5 7. Bb5 Bd6 8. O-O
O-O 9. d4 cxd4 10. Bxc6 bxc6 11. Qxd4 Rb8 12. Ba3 Bxa3 13. Nxa3 Qe7 14. Qe5 Be6
15. Nc2 c5 16. Rfd1 h6 17. Rac1 Rfc8 18. Nce1 a5 19. Nd3 a4 20. Nxc5 axb3 21.
axb3 Rb5 22. Nxe6 Rxc1 23. Rxc1 Qxe6 24. Qc7 Qa6 25. Qc8+ Qxc8 26. Rxc8+ Kh7
27. Nd4 Ra5 28. f3 Nd7 29. Kf2 Ne5 30. Rc2 g5 31. h3 h5 32. Nc6 Nxc6 33. Rxc6
Ra2+ 34. Kf1 Rb2 35. Rc3 h4 36. Rd3 Kg6 37. Rxd5 Rxb3 38. Ke2 f6 39. f4 gxf4
40. exf4 Rg3 41. Kf2 Ra3 42. Rd8 Kf5 43. Rh8 Ra2+ 44. Kf3 Ra3+ 45. Kf2 Ra2+ 46.
Kg1 Kxf4 47. Rxh4+ Kg5 48. Rg4+ Kh5 49. Rg8 f5 50. Kh1 f4 51. Kg1 f3 52. g3 Kh6
53. Kf1 Rg2 54. h4 Kh7 55. Rg5 Kh6 56. Rg8 Kh7 57. Rg4 Kh6 58. Rg5 Kh7 59. g4
Kh6 60. Rh5+ Kg6 61. Rg5+ Kh6 62. Ke1 Re2+ 63. Kf1 Rg2 64. Rh5+ Kg6 65. Rg5+
1/2-1/2

[Event "OLSW 1920 SC Caissa Schwarzenbach - Turm"]
[Site "?"]
[Date "2020.03.01"]
[Round "7.3"]
[White "Kuhn, Patrick"]
[Black "Weller, Manuel"]
[Result "1/2-1/2"]
[WhiteElo "2047"]
[BlackElo "2242"]
[PlyCount "79"]
[EventDate "2020.??.??"]

1. c4 c5 2. g3 Nf6 3. Nc3 d5 4. cxd5 Nxd5 5. Bg2 Nc7 6. Nf3 Nc6 7. O-O e5 8. d3
Be7 9. Ne1 Bd7 10. a3 O-O 11. Nc2 Rc8 12. b4 b6 13. b5 Nd4 14. a4 Be6 15. Ne3
f6 16. Nc4 Nd5 17. Bb2 Nb4 18. a5 Bd7 19. axb6 axb6 20. Nd5 Nxd5 21. Bxd5+ Kh8
22. Bxd4 cxd4 23. Rb1 Rc5 24. Bc6 Bxc6 25. bxc6 b5 26. Nd2 Qd5 27. Qb3 Qxc6 28.
Ne4 Rd5 29. Rfc1 Qd7 30. Rc2 f5 31. Nd2 Bg5 32. Nf3 Bd8 33. Qb4 Be7 34. Qb3 e4
35. Ne1 e3 36. f4 Bd8 37. Nf3 Bf6 38. Rbc1 Rd8 39. Rc7 Qe8 40. Rb7 1/2-1/2

[Event "OLSW 1920 SC Caissa Schwarzenbach - Turm"]
[Site "?"]
[Date "2020.03.01"]
[Round "7.4"]
[White "Oberhofer, Andre"]
[Black "Giese, Tilman"]
[Result "1-0"]
[WhiteElo "2291"]
[BlackElo "1988"]
[PlyCount "65"]
[EventDate "2020.??.??"]

1. e4 c5 2. d4 cxd4 3. c3 dxc3 4. Nxc3 e6 5. Nf3 Be7 6. Qd4 Kf8 7. Bf4 Nc6 8.
Qd2 Nf6 9. O-O-O Qa5 10. Bd6 Ne8 11. Bxe7+ Kxe7 12. Bb5 Qc7 13. Rhe1 d6 14. Kb1
Nf6 15. Nd5+ exd5 16. exd5+ Kf8 17. dxc6 bxc6 18. Qxd6+ Qxd6 19. Rxd6 Bf5+ 20.
Bd3 Bxd3+ 21. Rxd3 Rc8 22. Rd6 h5 23. Nd4 c5 24. Nb5 a5 25. Ra6 Rh6 26. Na7 Ra8
27. Rxa5 Rg6 28. g3 Ng4 29. Rxc5 Ra6 30. Rxh5 Kg8 31. Nb5 Rxa2 32. Na3 R8xa3
33. Re8# 1-0

[Event "OLSW 1920 SC Caissa Schwarzenbach - Turm"]
[Site "?"]
[Date "2020.03.01"]
[Round "7.5"]
[White "Biehler, Thomas"]
[Black "Gress, Alexander"]
[Result "1-0"]
[WhiteElo "2236"]
[BlackElo "2159"]
[PlyCount "109"]
[EventDate "2020.??.??"]

1. c4 c5 2. Nc3 Nf6 3. Nf3 d5 4. cxd5 Nxd5 5. g3 Nc7 6. Bg2 Nc6 7. a3 e5 8. O-O
Rb8 9. Rb1 f6 10. d3 Be7 11. Be3 Be6 12. Ne4 Nd4 13. b4 Nxf3+ 14. Bxf3 cxb4 15.
axb4 Nb5 16. Qa4 Qd7 17. Nc5 Bxc5 18. bxc5 a6 19. c6 bxc6 20. Qxa6 Bd5 21. Bxd5
cxd5 22. Rb4 O-O 23. Qa4 Rb7 24. Qb3 Rfb8 25. Rb1 Qc6 26. Rc1 Nd4 27. Rxb7 Rxb7
28. Qa2 Qb5 29. Bxd4 exd4 30. Qa8+ Kf7 31. Qh8 Kg6 32. Qc8 Re7 33. Qg4+ Kf7 34.
Qxd4 Rxe2 35. Rc5 Qb1+ 36. Kg2 Qa2 37. Qxd5+ Qxd5+ 38. Rxd5 g5 39. Rd7+ Ke6 40.
Rd8 Rd2 41. Kf3 h5 42. h3 g4+ 43. Ke3 Rd1 44. h4 Re1+ 45. Kd2 Ra1 46. Rd4 f5
47. Ke2 Rh1 48. Ra4 Ke5 49. Ra5+ Ke6 50. Ke3 Rf1 51. Ra6+ Ke5 52. d4+ Kd5 53.
Rf6 Re1+ 54. Kf4 Kxd4 55. Rxf5 1-0

[Event "OLSW 1920 SC Caissa Schwarzenbach - Turm"]
[Site "?"]
[Date "2020.03.01"]
[Round "7.6"]
[White "Grewenig, Jan"]
[Black "Hauer, Andreas"]
[Result "1/2-1/2"]
[WhiteElo "2114"]
[BlackElo "1931"]
[PlyCount "72"]
[EventDate "2020.??.??"]

1. e4 b6 2. d4 Bb7 3. Bd3 e6 4. Qe2 d5 5. e5 c5 6. c3 Ne7 7. f4 Qc8 8. Be3 Nec6
9. Nf3 Ba6 10. f5 Bxd3 11. Qxd3 cxd4 12. Bxd4 Qa6 13. Qc2 Nd7 14. fxe6 fxe6 15.
Ng5 Nxd4 16. cxd4 Rc8 17. Nc3 b5 18. Qf2 Rc6 19. O-O Nxe5 20. Nxh7 Be7 21. Rae1
Rxh7 22. Rxe5 g6 23. Nxd5 exd5 24. Qf8+ Kd7 25. Qg8 Rf6 26. Rxf6 Qxf6 27. Qxh7
Kd6 28. Qxe7+ Qxe7 29. Rxe7 Kxe7 30. h4 Kf6 31. g4 g5 32. h5 a5 33. Kf2 Kg7 34.
Ke3 Kf7 35. Kd3 Kf6 36. Kc3 Kg7 1/2-1/2

[Event "OLSW 1920 SC Caissa Schwarzenbach - Turm"]
[Site "?"]
[Date "2020.03.01"]
[Round "7.7"]
[White "Aubertin, Tim"]
[Black "Holle, Cedric"]
[Result "0-1"]
[WhiteElo "1895"]
[BlackElo "2105"]
[PlyCount "110"]
[EventDate "2020.??.??"]

1. d4 Nf6 2. Bf4 g6 3. Nc3 d5 4. e3 Bg7 5. Nf3 O-O 6. h3 c5 7. Be2 Nc6 8. Qd2
Ne4 9. Nxe4 dxe4 10. Ng5 cxd4 11. exd4 Qxd4 12. c3 Qxd2+ 13. Bxd2 Ne5 14. Nxe4
Bf5 15. Ng3 Bd3 16. O-O Rfd8 17. Rae1 Bc2 18. Bg5 Nd3 19. Ra1 Nxb2 20. Bxe7 Re8
21. Ba3 Nd3 22. Bxd3 Bxd3 23. Rfd1 Bc4 24. Rd7 b5 25. Bc5 Bxc3 26. Rc1 Be5 27.
Rxa7 Rxa7 28. Bxa7 Ra8 29. Bc5 Rxa2 30. Ne4 f5 31. Nd6 Bd3 32. Re1 Ra1 33. Rxa1
Bxa1 34. Bb4 Kg7 35. g4 Kf6 36. gxf5 gxf5 37. Kg2 Be2 38. Kg3 Be5+ 39. f4 Bd4
40. Nb7 Ke6 41. Nd6 Be3 42. Ne8 Kd5 43. Nf6+ Kc4 44. Ba3 h6 45. Bf8 h5 46. Kh4
Bxf4 47. Nxh5 Be5 48. Kg5 Bxh5 49. Kxh5 b4 50. Kg5 f4 51. Kg4 b3 52. Ba3 Kd5
53. Kf3 Ke6 54. Ke4 Kf6 55. h4 Kg6 0-1

[Event "OLSW 1920 SF Heidesheim - SK Gau-Algeshe"]
[Site "?"]
[Date "2020.03.01"]
[Round "7.1"]
[White "Ovsejevitsch, Sergei"]
[Black "Carow, Johannes"]
[Result "1/2-1/2"]
[WhiteElo "2602"]
[BlackElo "2444"]
[PlyCount "154"]
[EventDate "2020.??.??"]

1. Nf3 c5 2. c4 Nc6 3. d4 cxd4 4. Nxd4 Qb6 5. Nc2 Nf6 6. Nc3 e6 7. Rb1 Bc5 8.
e3 O-O 9. Be2 d5 10. O-O dxc4 11. Na3 Rd8 12. Qa4 a6 13. Qxc4 Ne5 14. Qh4 Qc7
15. Ne4 Be7 16. Nxf6+ Bxf6 17. Qe4 Bd7 18. Bd2 Bc6 19. Qc2 Rac8 20. Rbd1 b5 21.
f4 Nd7 22. Bf3 Qb7 23. Bxc6 Rxc6 24. Qb1 Nb6 25. Bc1 Rdc8 26. Qe4 Na4 27. Nc2
Qc7 28. Nd4 Rc4 29. Qf3 Bxd4 30. exd4 Nb6 31. f5 Nd5 32. Bg5 Qd7 33. fxe6 fxe6
34. Bh4 Rc2 35. Rf2 Rxf2 36. Qxf2 Qf7 37. Qxf7+ Kxf7 38. Rd2 Rc1+ 39. Kf2 Nb4
40. a3 Nd5 41. Kf3 a5 42. Ke4 a4 43. Ke5 Rc6 44. Rf2+ Ke8 45. Ke4 h6 46. Bg3
Rc1 47. Be5 Re1+ 48. Kd3 Re3+ 49. Kc2 g6 50. Bd6 Rb3 51. Bf4 b4 52. Bc1 h5 53.
Rf3 bxa3 54. bxa3 Rb6 55. Bh6 Rc6+ 56. Kd2 Rb6 57. Kc2 Nc7 58. Bf8 Rc6+ 59. Bc5
Na6 60. Rc3 Kd7 61. Kd3 Rc8 62. Ke4 g5 63. Rc4 Rb8 64. Rxa4 Nxc5+ 65. dxc5 Rb2
66. Ra7+ Kc6 67. Rh7 Rxg2 68. Rxh5 Kxc5 69. Kf3 Ra2 70. Rxg5+ Kd6 71. h4 Rxa3+
72. Kg4 Ra1 73. Kh5 Rh1 74. Rg4 Ke7 75. Kg6 Kf8 76. Kf6 e5 77. Kxe5 Kf7 1/2-1/2

[Event "OLSW 1920 SF Heidesheim - SK Gau-Algeshe"]
[Site "?"]
[Date "2020.03.01"]
[Round "7.2"]
[White "Karst, Elmar"]
[Black "Bauer, Bjoern-Benny"]
[Result "1/2-1/2"]
[WhiteElo "2310"]
[BlackElo "2210"]
[PlyCount "108"]
[EventDate "2020.??.??"]

1. c4 e5 2. g3 Nf6 3. Bg2 Bc5 4. Nc3 O-O 5. a3 a5 6. e3 d6 7. Nge2 c6 8. O-O
Be6 9. b3 Qd7 10. Re1 Bh3 11. Bh1 Na6 12. Rb1 Bf5 13. d3 Rab8 14. Ne4 Nxe4 15.
dxe4 Bg4 16. Qd2 b5 17. Qxa5 b4 18. Bd2 Qb7 19. f3 Be6 20. Nc1 Ra8 21. Nd3 Bb6
22. Qa4 Nc5 23. Nxc5 dxc5 24. axb4 Rxa4 25. bxa4 Qd7 26. Rb2 Rd8 27. a5 Ba7 28.
b5 Bxc4 29. b6 Bb8 30. Bg2 Bb5 31. Ra1 Qb7 32. Be1 g6 33. Kf2 Qa6 34. Rc1 Bd6
35. Bc3 Bb8 36. Be1 Bd6 37. Bc3 f6 38. f4 Bd3 39. Rd1 c4 40. Bh3 Kg7 41. Be6
exf4 42. gxf4 Bxe4 43. Rxd6 Rxd6 44. b7 Rd8 45. b8=Q Rxb8 46. Rxb8 Qa7 47. Rd8
Qc5 48. Rd7+ Kh6 49. Bxf6 g5 50. fxg5+ Kh5 51. h3 Bf5 52. Bf7+ Bg6 53. Be6 Bf5
54. Bf7+ Bg6 1/2-1/2

[Event "OLSW 1920 SF Heidesheim - SK Gau-Algeshe"]
[Site "?"]
[Date "2020.03.01"]
[Round "7.3"]
[White "Kling, Felix"]
[Black "Enzmann, Steffen"]
[Result "1-0"]
[WhiteElo "2141"]
[BlackElo "2165"]
[PlyCount "89"]
[EventDate "2020.??.??"]

1. d4 Nf6 2. Nf3 g6 3. c4 Bg7 4. Nc3 O-O 5. e4 d6 6. Be2 Nbd7 7. Be3 Ng4 8. Bd2
c5 9. d5 a6 10. a4 e5 11. h3 Ngf6 12. g4 Rb8 13. Qc2 Nb6 14. Nh2 Ne8 15. Nf1 f5
16. gxf5 gxf5 17. a5 Na8 18. exf5 Bxf5 19. Bd3 Bxd3 20. Qxd3 b5 21. axb6 Nxb6
22. Rxa6 Qh4 23. Ne4 Nc8 24. Bg5 Qh5 25. Nfg3 Qf7 26. Ra2 h6 27. Bd2 Kh8 28.
Rg1 Nf6 29. Nxf6 Qxf6 30. Ne4 Qf5 31. Rg3 Rf7 32. Kd1 Rfb7 33. Kc2 Rb3 34. Bc3
R3b7 35. Rf3 Qh5 36. Ra1 Rf7 37. Rxf7 Qxf7 38. Rg1 Nb6 39. Rg3 Qd7 40. b3 Ra8
41. Rg6 Nc8 42. Qg3 Ra7 43. Kb2 Rb7 44. Nxc5 dxc5 45. Rxg7 1-0

[Event "OLSW 1920 SF Heidesheim - SK Gau-Algeshe"]
[Site "?"]
[Date "2020.03.01"]
[Round "7.4"]
[White "Siegismund, Annelen"]
[Black "Frede, Lennart"]
[Result "1-0"]
[WhiteElo "2130"]
[BlackElo "2183"]
[PlyCount "81"]
[EventDate "2020.??.??"]

1. d4 Nf6 2. c4 e6 3. Nc3 Bb4 4. Qc2 O-O 5. Nf3 b6 6. e4 d5 7. e5 Ne4 8. Bd3
Bb7 9. O-O Bxc3 10. bxc3 h6 11. cxd5 exd5 12. Ba3 Re8 13. Rad1 Nd7 14. Ne1 c5
15. f3 Ng5 16. Qf2 cxd4 17. cxd4 Rc8 18. h4 Nh7 19. f4 Ndf8 20. f5 Qd7 21. Qb2
Qa4 22. Bc2 Qc6 23. Bb1 Ba6 24. Rf2 Qa4 25. Bc2 Qc6 26. Nd3 Bc4 27. Nf4 a5 28.
Bd6 Rcd8 29. Qa3 Rc8 30. Nh5 g6 31. Qg3 g5 32. a4 Ba6 33. Qg4 Rcd8 34. Ba3 Kh8
35. Ng3 Bc8 36. hxg5 Nxg5 37. Qh5 Nfh7 38. f6 Qc3 39. Be7 Rd7 40. Qxh6 Rg8 41.
Bf8 1-0

[Event "OLSW 1920 SF Heidesheim - SK Gau-Algeshe"]
[Site "?"]
[Date "2020.03.01"]
[Round "7.5"]
[White "Friedrich, Marius"]
[Black "Faldum, Manfred"]
[Result "1-0"]
[WhiteElo "2058"]
[BlackElo "2062"]
[PlyCount "105"]
[EventDate "2020.??.??"]

1. e4 c5 2. Nf3 g6 3. d4 cxd4 4. Nxd4 Bg7 5. c4 Nc6 6. Be3 Nf6 7. Nc3 O-O 8.
Be2 d6 9. Qd2 Bd7 10. O-O Nxd4 11. Bxd4 Bc6 12. f3 a5 13. Rab1 Nd7 14. Be3 a4
15. b4 axb3 16. axb3 Qa5 17. Rfc1 Qe5 18. b4 Ra3 19. Nd5 Bxd5 20. cxd5 Rc3 21.
Rxc3 Qxc3 22. Rc1 Qxd2 23. Bxd2 Bd4+ 24. Kf1 Bb6 25. Bb5 Nf6 26. Bh6 Ra8 27. g4
Ne8 28. Bxe8 Rxe8 29. Ke2 f6 30. Be3 Bxe3 31. Kxe3 Kf7 32. Rc7 Rb8 33. b5 g5
34. b6 h6 35. Kf2 Ke8 36. Kg3 Kd8 37. h4 Ke8 38. f4 Kf7 39. hxg5 hxg5 40. fxg5
fxg5 41. e5 dxe5 42. d6 Rd8 43. dxe7 Rd3+ 44. Kf2 Rb3 45. Rxb7 e4 46. Rb8 Kxe7
47. b7 Kd7 48. Rg8 Rxb7 49. Rg7+ Kc6 50. Rxb7 Kxb7 51. Ke3 Kc7 52. Kxe4 Kd7 53.
Kf5 1-0

[Event "OLSW 1920 SF Heidesheim - SK Gau-Algeshe"]
[Site "?"]
[Date "2020.03.01"]
[Round "7.7"]
[White "Erlekam, Simon"]
[Black "Beck, Michael"]
[Result "0-1"]
[WhiteElo "1883"]
[BlackElo "2106"]
[PlyCount "82"]
[EventDate "2020.??.??"]

1. e4 e6 2. d4 d5 3. e5 c5 4. c3 Nc6 5. f4 Bd7 6. Nf3 Nh6 7. Be2 Qb6 8. O-O
cxd4 9. cxd4 Nxd4 10. Nxd4 Nf5 11. Kh1 Qxd4 12. Nc3 Qxd1 13. Rxd1 Bc5 14. a3
Rc8 15. Rb1 O-O 16. b4 Bb6 17. Bd2 Ne3 18. Rdc1 Nc4 19. Bxc4 Rxc4 20. Na2 Rfc8
21. Rxc4 Rxc4 22. Rc1 Rxc1+ 23. Nxc1 Bd4 24. Nb3 Bb2 25. Nc5 Bc6 26. a4 d4 27.
a5 Kf8 28. Kg1 Bc3 29. Bxc3 dxc3 30. Kf2 c2 31. Nb3 Ke7 32. g3 Kd7 33. Ke2 Ba4
34. Nc5+ Kc6 35. Kd2 Kb5 36. Nxb7 Kxb4 37. Nd6 Kxa5 38. Nxf7 Kb4 39. f5 exf5
40. e6 Kc5 41. e7 Kd5 0-1

[Event "OLSW 1920 SF Heidesheim - SK Gau-Algeshe"]
[Site "?"]
[Date "2020.03.01"]
[Round "7.8"]
[White "Vogt, Dustin"]
[Black "Grieb, Lukas"]
[Result "0-1"]
[WhiteElo "1741"]
[BlackElo "1796"]
[PlyCount "66"]
[EventDate "2020.??.??"]

1. e4 c5 2. Nf3 Nc6 3. d3 e6 4. g3 Nf6 5. Bg2 d5 6. Nbd2 Be7 7. O-O O-O 8. Re1
Qc7 9. e5 Nd7 10. Qe2 b5 11. Nf1 a5 12. h4 Ba6 13. h5 b4 14. h6 g6 15. N1h2 c4
16. Ng4 b3 17. Bg5 Bxg5 18. Nxg5 Qd8 19. Qe3 Nb4 20. Qd2 Nxc2 21. Bxd5 Nxe1 22.
Rxe1 Rc8 23. Nxe6 fxe6 24. Bxe6+ Kh8 25. Bxd7 Qxd7 26. e6 Qe7 27. Qxa5 Bb7 28.
dxc4 bxa2 29. Qxa2 Qb4 30. Qa1 Qxc4 31. e7 Rfe8 32. Nf6 Qc6 33. Ne4 Ra8 0-1

[Event "OLSW 1920 Turm Illingen - SK Altenkirche"]
[Site "?"]
[Date "2021.07.11"]
[Round "8.1"]
[White "Bruehl, Andreas"]
[Black "Mayer, Frank"]
[Result "0-1"]
[WhiteElo "2335"]
[BlackElo "2280"]
[PlyCount "78"]
[EventDate "2021.??.??"]

1. d4 Nf6 2. c4 e6 3. g3 c5 4. Nf3 cxd4 5. Nxd4 d5 6. Bg2 e5 7. Nf3 d4 8. O-O
Nc6 9. e3 Be7 10. exd4 exd4 11. a3 a5 12. b3 O-O 13. Bb2 Qb6 14. Re1 Bc5 15.
Qd3 Bg4 16. Nbd2 Rfe8 17. Rxe8+ Rxe8 18. Re1 Rxe1+ 19. Nxe1 Ne5 20. Qf1 Bf5 21.
h3 h5 22. Kh1 Qd6 23. Bxb7 Bxa3 24. Bxa3 Qxa3 25. Qe2 Ned7 26. Bg2 Qb2 27. Kh2
Bg6 28. Nef3 Ne4 29. Qd3 Nxd2 30. Qxd2 Qxd2 31. Nxd2 Nc5 32. Bf3 Bc2 33. Bxh5
Nxb3 34. Nxb3 Bxb3 35. c5 Kf8 36. Bg4 Ke7 37. Bf5 a4 38. Kg2 a3 39. Bb1 d3 0-1

[Event "OLSW 1920 Turm Illingen - SK Altenkirche"]
[Site "?"]
[Date "2021.07.11"]
[Round "8.2"]
[White "Klein, Joachim"]
[Black "Wagener, Claude"]
[Result "1/2-1/2"]
[WhiteElo "2161"]
[BlackElo "2220"]
[PlyCount "38"]
[EventDate "2021.??.??"]

1. e4 c5 2. Nf3 e6 3. Nc3 d6 4. d4 cxd4 5. Qxd4 Nc6 6. Bb5 Bd7 7. Qd3 a6 8.
Bxc6 Bxc6 9. Bf4 Be7 10. O-O-O e5 11. Be3 Qa5 12. Nd2 b5 13. Nb3 Qc7 14. g4 Nf6
15. g5 Ng4 16. Kb1 Rc8 17. h4 O-O 18. Rhg1 Nxe3 19. fxe3 b4 1/2-1/2

[Event "OLSW 1920 Turm Illingen - SK Altenkirche"]
[Site "?"]
[Date "2021.07.11"]
[Round "8.3"]
[White "Heidorn, Oliver"]
[Black "Giese, Tilman"]
[Result "1-0"]
[WhiteElo "2107"]
[BlackElo "1985"]
[PlyCount "86"]
[EventDate "2021.??.??"]

1. d4 Nf6 2. c4 g6 3. Nc3 Bg7 4. Bg5 d6 5. e3 O-O 6. Be2 c5 7. dxc5 dxc5 8.
Qxd8 Rxd8 9. Bxf6 Bxf6 10. Nd5 Nd7 11. O-O-O Kg7 12. Nh3 Nb6 13. Nc7 Rxd1+ 14.
Rxd1 Rb8 15. Ne8+ Kh6 16. Nxf6 exf6 17. Rd8 Ra8 18. Nf4 Bd7 19. Rxa8 Nxa8 20.
Bf3 Bc6 21. Bxc6 bxc6 22. Nd3 Nb6 23. b3 Nd7 24. Kb2 Kg5 25. b4 cxb4 26. Nxb4
c5 27. Nc6 a6 28. Nd8 Kf5 29. Nxf7 Ke6 30. Nd8+ Kd6 31. Kc3 g5 32. f4 Ke7 33.
Nb7 h5 34. Kd3 Ke6 35. Ke4 f5+ 36. Kf3 g4+ 37. Ke2 Ke7 38. Kd3 Ke6 39. g3 Ke7
40. e4 Ke6 41. e5 Ke7 42. Nd6 Ke6 43. Ne8 Ke7 1-0

[Event "OLSW 1920 Turm Illingen - SK Altenkirche"]
[Site "?"]
[Date "2021.07.11"]
[Round "8.4"]
[White "Hauer, Andreas"]
[Black "Kaster, Martin"]
[Result "1/2-1/2"]
[WhiteElo "1936"]
[BlackElo "2060"]
[PlyCount "63"]
[EventDate "2021.??.??"]

1. e4 d5 2. exd5 Qxd5 3. Nc3 Qd6 4. d4 Nf6 5. Bd3 c6 6. Nge2 Bg4 7. h3 Bh5 8.
Bf4 Qxf4 9. Nxf4 Bxd1 10. Rxd1 e6 11. O-O Bd6 12. Nfe2 Nbd7 13. a3 a5 14. f4
O-O 15. g3 Nb6 16. Rb1 Rfd8 17. Kg2 Bf8 18. Kf3 g6 19. b4 axb4 20. axb4 Nbd5
21. Nxd5 Nxd5 22. b5 Ra3 23. Kf2 Nb4 24. Be4 f5 25. Bg2 Nxc2 26. bxc6 bxc6 27.
Bxc6 Bg7 28. Rfd1 Bxd4+ 29. Nxd4 Rxd4 30. Bd7 Rxd1 31. Rxd1 Kf7 32. Rd2 1/2-1/2

[Event "OLSW 1920 Turm Illingen - SK Altenkirche"]
[Site "?"]
[Date "2021.07.11"]
[Round "8.5"]
[White "Hoegener, Claude"]
[Black "Aubertin, Tim"]
[Result "1-0"]
[WhiteElo "2075"]
[BlackElo "1900"]
[PlyCount "39"]
[EventDate "2021.??.??"]

1. d4 e6 2. Nf3 f5 3. c3 Nf6 4. Bg5 Be7 5. Bxf6 Bxf6 6. Qc2 O-O 7. Nbd2 d5 8.
e3 c6 9. Bd3 b6 10. h4 Ba6 11. O-O-O Bxd3 12. Qxd3 c5 13. h5 Qc7 14. Rdg1 Nc6
15. a3 a5 16. g4 f4 17. g5 fxe3 18. Qxe3 Be7 19. Qxe6+ Kh8 20. Nh4 1-0

[Event "OLSW 1920 Turm Illingen - SK Altenkirche"]
[Site "?"]
[Date "2021.07.11"]
[Round "8.6"]
[White "Kessler, Alexander"]
[Black "Telke, Holger"]
[Result "0-1"]
[WhiteElo "1863"]
[BlackElo "2086"]
[PlyCount "66"]
[EventDate "2021.??.??"]

1. e4 e6 2. d4 d5 3. e5 c5 4. c3 Nc6 5. Nf3 Qb6 6. a3 cxd4 7. cxd4 f6 8. Bd3
fxe5 9. dxe5 g6 10. O-O Bg7 11. Re1 Nh6 12. Qe2 O-O 13. h3 Nf5 14. Nbd2 Bd7 15.
g4 Nfd4 16. Nxd4 Qxd4 17. Nf3 Rxf3 18. Qxf3 Nxe5 19. Rxe5 Qxe5 20. Rb1 Qe1+ 21.
Kg2 Rf8 22. Qe3 Qxe3 23. fxe3 Bc6 24. b4 a6 25. b5 axb5 26. Bxb5 Bxb5 27. Rxb5
Rc8 28. Rb1 Rc2+ 29. Kf3 e5 30. a4 e4+ 31. Kf4 Rf2+ 32. Kg5 Bf6+ 33. Kh6 Rh2
0-1

[Event "OLSW 1920 SVG Saarbrücken - Turm Illinge"]
[Site "?"]
[Date "2021.07.18"]
[Round "9.1"]
[White "Klein, Joachim"]
[Black "Bastian, Herbert"]
[Result "1-0"]
[WhiteElo "2161"]
[BlackElo "2258"]
[PlyCount "89"]
[EventDate "2021.??.??"]

1. e4 e5 2. Nf3 Nc6 3. Bb5 Nf6 4. d3 d6 5. d4 Bd7 6. Nc3 exd4 7. Nxd4 Be7 8.
O-O O-O 9. Nxc6 bxc6 10. Bc4 Rb8 11. b3 Ng4 12. Bb2 Bf6 13. Be2 Ne5 14. f4 Ng6
15. Qd2 Rb4 16. a3 Rd4 17. Bd3 Re8 18. Rae1 c5 19. Nd1 Bh4 20. Nf2 Qa8 21. Bxd4
cxd4 22. g3 Bf6 23. Qd1 c5 24. Qh5 Bd8 25. Bc4 Ba5 26. b4 Bb6 27. Nd3 Bc6 28.
f5 Nh8 29. f6 Qb7 30. fxg7 Kxg7 31. Qg5+ Kf8 32. Qh6+ Kg8 33. Rf5 Rxe4 34. Rg5+
Ng6 35. Rxg6+ hxg6 36. Qxg6+ Kf8 37. Qxd6+ Kg8 38. Rf1 Re7 39. Ne5 Bh1 40. Rf2
cxb4 41. Qg6+ Kf8 42. Qh6+ Kg8 43. Qg5+ Kf8 44. Ng6+ Ke8 45. Bb5+ 1-0

[Event "OLSW 1920 SVG Saarbrücken - Turm Illinge"]
[Site "?"]
[Date "2021.07.18"]
[Round "9.2"]
[White "Mohammad, Samir"]
[Black "Giese, Tilman"]
[Result "1-0"]
[WhiteElo "2300"]
[BlackElo "1985"]
[PlyCount "41"]
[EventDate "2021.??.??"]

1. d4 Nf6 2. c4 d5 3. cxd5 Nxd5 4. e4 Nf6 5. Nc3 e6 6. Nf3 Be7 7. h3 O-O 8. Be3
c5 9. dxc5 Qa5 10. Nd2 Na6 11. a3 Qc7 12. b4 b6 13. Qa4 Nb8 14. Nb5 Qe5 15. Bd4
Qf4 16. g3 Qg5 17. cxb6 Nc6 18. Be3 Qe5 19. Rc1 Nxe4 20. f4 Qb2 21. Nxe4 1-0

[Event "OLSW 1920 SVG Saarbrücken - Turm Illinge"]
[Site "?"]
[Date "2021.07.18"]
[Round "9.3"]
[White "Biehler, Thomas"]
[Black "Spielmann, Alain"]
[Result "1/2-1/2"]
[WhiteElo "2244"]
[BlackElo "2209"]
[PlyCount "62"]
[EventDate "2021.??.??"]

1. c4 e6 2. g3 d5 3. Bg2 Nf6 4. Nf3 c5 5. O-O Nc6 6. d4 Be7 7. cxd5 exd5 8.
dxc5 Bxc5 9. a3 O-O 10. b4 Bb6 11. Nc3 h6 12. Bb2 Re8 13. Na4 Bf5 14. Rc1 Be4
15. Nc5 Bxc5 16. Rxc5 Nd7 17. Rc1 Qb6 18. Nd4 Bxg2 19. Kxg2 Nxd4 20. Bxd4 Qe6
21. e3 a5 22. b5 Rac8 23. Rxc8 Rxc8 24. Qa1 f6 25. Rc1 Qe4+ 26. Kg1 Rxc1+ 27.
Qxc1 Ne5 28. Bxe5 fxe5 29. Qc8+ Kh7 30. Qxb7 Qb1+ 31. Kg2 Qe4+ 1/2-1/2

[Event "OLSW 1920 SVG Saarbrücken - Turm Illinge"]
[Site "?"]
[Date "2021.07.18"]
[Round "9.4"]
[White "Busche, Stefan"]
[Black "Hauer, Andreas"]
[Result "1-0"]
[WhiteElo "2060"]
[BlackElo "1936"]
[PlyCount "89"]
[EventDate "2021.??.??"]

1. e4 b6 2. d4 Bb7 3. Bd3 e6 4. Nf3 d5 5. e5 c5 6. c3 Ne7 7. O-O Nec6 8. a3 a5
9. Re1 Be7 10. Nbd2 Ba6 11. Bc2 Nd7 12. Nf1 h5 13. Ne3 Nf8 14. Bd2 g5 15. h3
Qc7 16. Qb1 Bb7 17. b4 axb4 18. axb4 Rxa1 19. Qxa1 cxb4 20. cxb4 b5 21. Bd3 Qb6
22. Qb2 Rg8 23. g4 Ng6 24. Bxg6 Rxg6 25. gxh5 Rh6 26. Kh2 Rxh5 27. Rg1 Qd8 28.
Ng4 Kd7 29. Qc2 Qh8 30. Rg3 f6 31. exf6 Bxf6 32. Qd3 Nxd4 33. Nxf6+ Qxf6 34.
Qxd4 Qf5 35. Ne5+ Ke8 36. Ng4 Bc8 37. Nf6+ Ke7 38. Nxh5 e5 39. Qa7+ Bd7 40.
Rxg5 Qxh3+ 41. Kg1 Qf3 42. Rxe5+ Kd6 43. Qe3 Qd1+ 44. Kg2 Bg4 45. Rg5 1-0

[Event "OLSW 1920 SVG Saarbrücken - Turm Illinge"]
[Site "?"]
[Date "2021.07.18"]
[Round "9.5"]
[White "Aubertin, Tim"]
[Black "Horacek, Helmut"]
[Result "1-0"]
[WhiteElo "1900"]
[BlackElo "2012"]
[PlyCount "87"]
[EventDate "2021.??.??"]

1. d4 Nf6 2. Bf4 g6 3. Nc3 d5 4. Qd2 Bg7 5. Bh6 O-O 6. Bxg7 Kxg7 7. Nf3 c5 8.
e3 Nc6 9. O-O-O c4 10. Ne5 Qd6 11. f4 Bf5 12. a3 a6 13. h3 b5 14. Nxc6 Qxc6 15.
g4 Ne4 16. Nxe4 Bxe4 17. Bg2 c3 18. bxc3 Bxg2 19. Qxg2 Qxc3 20. Rd3 Qc4 21. Kb2
Rfc8 22. Qd2 Qa4 23. Rc3 Rc4 24. Rxc4 bxc4 25. Qb4 Qe8 26. Ka2 Rb8 27. Qc3 Qb5
28. Re1 f6 29. Rg1 Rb6 30. Re1 Kf7 31. Rg1 Qd7 32. Rb1 Rxb1 33. Kxb1 Qe6 34.
Kb2 Qe4 35. h4 g5 36. hxg5 fxg5 37. Qd2 Qf3 38. Qh2 Qxe3 39. Qxh7+ Ke8 40. Qg8+
Kd7 41. Qxd5+ Ke8 42. fxg5 Qf4 43. Qc6+ Kf8 44. Qd7 1-0

[Event "OLSW 1920 SVG Saarbrücken - Turm Illinge"]
[Site "?"]
[Date "2021.07.18"]
[Round "9.6"]
[White "Pernutz, Hans-Gerhard"]
[Black "Siebert, Viktor"]
[Result "1/2-1/2"]
[WhiteElo "2053"]
[BlackElo "2031"]
[PlyCount "47"]
[EventDate "2021.??.??"]

1. e4 e5 2. Nf3 Nc6 3. Bb5 a6 4. Ba4 Nf6 5. O-O Be7 6. Re1 b5 7. Bb3 O-O 8. a4
b4 9. a5 d6 10. h3 Be6 11. d4 Bxb3 12. cxb3 exd4 13. Nxd4 Nxd4 14. Qxd4 c5 15.
Qc4 Re8 16. Nd2 Bf8 17. Qd3 d5 18. e5 Qc7 19. f4 Qc6 20. Re2 Nd7 21. Nf3 c4 22.
bxc4 dxc4 23. Qc2 b3 24. Qe4 1/2-1/2

[Event "OLSW 1920 SVG Saarbrücken - Turm Illinge"]
[Site "?"]
[Date "2021.07.18"]
[Round "9.7"]
[White "Feidt, Jonas"]
[Black "Jenner, Meikel"]
[Result "0-1"]
[WhiteElo "1556"]
[BlackElo "1988"]
[PlyCount "64"]
[EventDate "2021.??.??"]

1. c4 e5 2. e3 a6 3. Nc3 Bc5 4. Nf3 d6 5. d4 exd4 6. exd4 Ba7 7. Bd3 Bg4 8. O-O
Ne7 9. h3 Bh5 10. Re1 c6 11. Bf4 d5 12. c5 Bxf3 13. Qxf3 O-O 14. Bg5 f6 15. Bf4
Nd7 16. Bd6 Re8 17. Qg4 Nf8 18. Re3 Bb8 19. Bxb8 Rxb8 20. Rae1 Kf7 21. Na4 Qd7
22. Qg3 Neg6 23. Nb6 Rxe3 24. Rxe3 Qd8 25. Bf5 Ne7 26. Be6+ Nxe6 27. Rxe6 Kxe6
28. Qxg7 Qg8 29. Qh6 Qg5 30. Qxh7 Rg8 31. g3 Rg7 32. Qd3 Qf5 0-1